Statistics for Bayern Munich player since 2012-13

Click here to take the quiz!

General Stats

  • This quiz has been taken 115 times
  • The average score is 30 of 49

Answer Stats

PositionAnswer% Correct
GKNeuer
100%
DEFBoateng
97%
MIDRobben
96%
MIDRibery
94%
FWDLewandowski
92%
FWDMuller
92%
DEFHummels
91%
DEFLahm
90%
GK Ulreich
90%
DEFAlaba
85%
MIDComan
85%
MIDMartinez
83%
MIDThiago
83%
DEFKimmich
82%
MIDSchweinsteiger
80%
FWDMandzukic
79%
FWDGnabry
74%
FWDGomez
74%
DEFRafinha
74%
DEFDante
73%
DEFSule
73%
MIDGötze
72%
MIDKroos
71%
MIDAlonso
65%
DEFBadstuber
63%
FWDCosta
62%
GKStarke
57%
MIDGoretzka
56%
DEFBernat
55%
MIDTolisso
55%
MIDVidal
48%
GKReina
45%
DEFvan Buyten
45%
MIDRudy
44%
FWDWagner
44%
MIDGustavo
40%
MIDRodriguez
39%
DEFBenatia
37%
DEFContento
37%
MIDRode
36%
MIDSanches
36%
MIDShaqiri
36%
MIDTymoschuk
34%
MIDCan
30%
FWDPizzaro
24%
MIDWeiser
24%
MIDHöjbjerg
15%
DEFKirchhoff
13%
FWDGreen
11%

Score Distribution

Percentile by Number Answered

Percent of People with Each Score

Your Score History

You have not taken this quiz